| 000 | 00728nam a2200241Ia 4500 | ||
|---|---|---|---|
| 003 | OSt | ||
| 005 | 20220923223058.0 | ||
| 006 | a|||||r|||| 00| 0 | ||
| 007 | ta | ||
| 008 | 220922b |||||||| |||| 00| 0 hin d | ||
| 024 | _a210,817 | ||
| 037 | _cTextual | ||
| 040 |
_aARTS _cARTS _bhin |
||
| 041 |
_2hin _ahin |
||
| 082 | _aO152,3N322x, K8-;1 | ||
| 100 |
_aसोमवीरा _9156280 |
||
| 245 | 0 | _aदो आंखो वाले चेहरे | |
| 246 | _aDo āankho vāle chehare | ||
| 260 |
_aदिल्ली _b नेशनल पब्लि हा0 _c1968 |
||
| 300 |
_a213पृ. _ccm. |
||
| 942 |
_hO152,3N322x, K8-;1 _cTEXL _2CC |
||
| 999 |
_c361096 _d361096 |
||